Szczegóły MARC21

Inszenierung der Scham in der deutschsprachigen und polnischen Gegenwartsliteratur /

003 -Nazwa inst., której nr kontr. jest w polu 001 [,]
    • @
    • Nazwa instytucji, której n kontrolny jest w polu 001
    • NUKAT
005 -DATA I CZAS OSTATNIEJ MODYFIKACJI [,]
    • @
    • pole kontrolne
    • 20260414104324.0
020 -Międzynarod. znormalizowany nr książki - ISBN [ , ]
    • a
    • Numer ISBN
    • 9783447124584 Find
    • q
    • Dopowiedzenie
    • (oprawa twarda)
020 -Międzynarod. znormalizowany nr książki - ISBN [ , ]
    • a
    • Numer ISBN
    • 9783447397407 Find
    • q
    • Dopowiedzenie
    • (e-book)
040 -Instytucja sporządzająca opis [ , ]
    • a
    • Instytucja, która sporządziła opis (NP)
    • KR 119/maj
    • b
    • Język katalogowania
    • pol
    • e
    • Zasady katalogowania
    • rda
    • c
    • Instytucja, która sporządziła rekord (NP)
    • KR 119/maj
    • d
    • Instytucja, która zmodyfikowała rekord (P)
    • CZĘST 010/IC
041 -Język dokumentu [0, ]
    • a
    • Język tekstu (P)
    • niemiecki
    • b
    • Język streszczeń lub abstraktu (P)
    • angielski
942 -Rodzaj dokumentu [ , ]
    • c
    • Rodzaj dokumentu
    • Książka
245 -Strefa tytułu i oznaczenia odpowiedzialności [0,0]
    • a
    • Tytuł
    • Inszenierung der Scham in der deutschsprachigen und polnischen Gegenwartsliteratur / Find
    • c
    • Pozostałe elementy strefy tytułu i oznaczenia odpowiedzialności (NP)
    • herausgegeben von Joanna Drynda, Joanna Ławnikowska-Koper, Anna Majkiewicz.
260 -Strefa adresu wydawniczego [ , ]
    • a
    • Miejsce wydania (P)
    • Wiesbaden :
    • b
    • Nazwa wydawcy (P)
    • Harrassowitz Verlag,
    • c
    • Data wydania (P)
    • 2025.
300 -Strefa opisu fizycznego [ , ]
    • a
    • Określenie formy książki i/lub objętość (NP)
    • VI, [2], 198 stron :
    • b
    • Oznaczenie ilustracji (NP)
    • ilustracje ;
    • c
    • Format (NP)
    • 25 cm.
336 -Typ zawartości [ , ]
    • a
    • Termin opisujący typ zawartości
    • Tekst
    • b
    • Kod określający zawartość
    • txt
    • 2
    • Źródło (terminu i kodu)
    • rdacontent
337 -Typ mediów [ , ]
    • a
    • Tryb odtwarzania
    • Bez urządzenia pośredniczącego
    • b
    • Kod typu mediów
    • n
    • 2
    • Źródło (terminu i kodu)
    • rdamedia
338 -Typ/rodzaj nośnika [ , ]
    • a
    • Hasło opisujące typ nośnika
    • Wolumin
    • b
    • Kod typu nośnika
    • nc
    • 2
    • Źródło (terminu i kodu)
    • rdacarrier
380 -Deskryptor - Forma dzieła (P) [ , ]
    • a
    • forma dzieła (NP)
    • Książki
380 -Deskryptor - Forma dzieła (P) [ , ]
    • a
    • forma dzieła (NP)
    • Publikacje naukowe
388 -Deskryptor - czas powstania dzieła (P) [1, ]
    • a
    • Czas powstania dzieła (NP)
    • 2001-
490 -Strefa serii i książki wielotomowej - forma nie do wyszukiwania [1, ]
    • a
    • Tytuł (P)
    • Gegenwartsliteratur in Mitteleuropa, Find
    • x
    • ISSN (NP)
    • 2749-7119
    • v
    • Numeracja (P)
    • Bd. 8
830 -Hasło dodatkowe serii i opisu książki wielotomowej - tytuł ujednolicony/tytuł [ ,0]
    • a
    • Tytuł ujednolicony/tytuł (NP)
    • Gegenwartsliteratur in Mitteleuropa
    • x
    • ISSN
    • 2749-7119
    • v
    • Oznaczenie tomu (NP)
    • Bd. 8
    • 9
    • KHW
    • 738626
500 -Uwaga ogólna [ , ]
    • a
    • Uwaga ogólna (NP)
    • Bibliografia przy pracach.
546 -Uwaga dot. języka [ , ]
    • a
    • Uwaga dot. języka
    • Streszczenia przy pracach w języku angielskim.
650 -Hasło przedmiotowe [ ,7]
    • a
    • Hasło przedmiotowe
    • Cielesność
    • 2
    • Źródło terminu
    • DBN
    • 9
    • KHW
    • 741360
650 -Hasło przedmiotowe [ ,7]
    • a
    • Hasło przedmiotowe
    • Cierpienie
    • 2
    • Źródło terminu
    • DBN
    • 9
    • KHW
    • 724918
650 -Hasło przedmiotowe [ ,7]
    • a
    • Hasło przedmiotowe
    • Globalizacja
    • 2
    • Źródło terminu
    • DBN
    • 9
    • KHW
    • 722349
650 -Hasło przedmiotowe [ ,7]
    • a
    • Hasło przedmiotowe
    • Jakość życia
    • 2
    • Źródło terminu
    • DBN
    • 9
    • KHW
    • 722059
650 -Hasło przedmiotowe [ ,7]
    • a
    • Hasło przedmiotowe
    • Literatura polska
    • 2
    • Źródło terminu
    • DBN
    • 9
    • KHW
    • 721203
650 -Hasło przedmiotowe [ ,7]
    • a
    • Hasło przedmiotowe
    • Literatury niemieckojęzyczne
    • 2
    • Źródło terminu
    • DBN
    • 9
    • KHW
    • 741079
650 -Hasło przedmiotowe [ ,7]
    • a
    • Hasło przedmiotowe
    • Pisarze niemieckojęzyczni
    • 2
    • Źródło terminu
    • DBN
    • 9
    • KHW
    • 726198
650 -Hasło przedmiotowe [ ,7]
    • a
    • Hasło przedmiotowe
    • Pisarze polscy
    • 2
    • Źródło terminu
    • DBN
    • 9
    • KHW
    • 721598
650 -Hasło przedmiotowe [ ,7]
    • a
    • Hasło przedmiotowe
    • Pochodzenie społeczne
    • 2
    • Źródło terminu
    • DBN
    • 9
    • KHW
    • 744491
650 -Hasło przedmiotowe [ ,7]
    • a
    • Hasło przedmiotowe
    • Tabu
    • 2
    • Źródło terminu
    • DBN
    • 9
    • KHW
    • 744464
650 -Hasło przedmiotowe [ ,7]
    • a
    • Hasło przedmiotowe
    • Wstyd
    • 2
    • Źródło terminu
    • DBN
    • 9
    • KHW
    • 728038
655 -Hasło w funkcji tematu formalnego [ ,7]
    • a
    • Hasło
    • Praca zbiorowa
    • 2
    • Źródło terminu
    • DBN
    • 9
    • KHW
    • 721444
658 -Ujęcie treści [ , ]
    • a
    • dziedzina nauki i sztuki/ sfera aktywności życiowej
    • Literaturoznawstwo
658 -Ujęcie treści [ , ]
    • a
    • dziedzina nauki i sztuki/ sfera aktywności życiowej
    • Socjologia i społeczeństwo
700 -Hasło dodatkowe - nazwa osobowa [1, ]
    • a
    • Nazwa osobowa (NP)
    • Drynda, Joanna. Find
    • e
    • Określenie rodzaju współpracy
    • Redakcja
    • 9
    • KHW
    • 451863
700 -Hasło dodatkowe - nazwa osobowa [1, ]
    • a
    • Nazwa osobowa (NP)
    • Ławnikowska-Koper, Joanna. Find
    • e
    • Określenie rodzaju współpracy
    • Redakcja
    • 9
    • KHW
    • 738612
700 -Hasło dodatkowe - nazwa osobowa [1, ]
    • a
    • Nazwa osobowa (NP)
    • Majkiewicz, Anna. Find
    • e
    • Określenie rodzaju współpracy
    • Redakcja
    • 9
    • KHW
    • 13960
710 -Hasło dodatkowe - nazwa ciała zbiorowego [2, ]
    • a
    • Nazwa ciała zbiorowego lub nazwa geograficzna jako pierwszy element (NP)
    • Otto Harrassowitz.
    • e
    • Rodzaj współpracy
    • Wydawca
    • 4
    • Kod relacji
    • pbl
    • 9
    • KHW
    • 74398
920 -ISBN [ , ]
    • a
    • ISBN
    • 978-3-447-12458-4 (oprawa twarda) Find
920 -ISBN [ , ]
    • a
    • ISBN
    • 978-3-447-39740-7 (e-book) Find
Status udost. Numer inwentarzowy Data inwentaryzacji Lokalizacja Sygnatura
1G.221072026-03-09BMGERM. Lit. niem.-lit.współcz. 11